10 to 1: Tony Best Musical Characters Quiz Stats

 Plays Quiz not verified by Sporcle

Score 0/55 Timer 06:00
0 Plays Today
% Correct
George Washington
95.9%
Eliza Hamilton
95.6%
Thomas Jefferson
94.5%
Simba
94%
Scar
93.7%
Aaron Burr
93.5%
James Madison
93.3%
Pumbaa
93%
Mufasa
92.5%
Nala
92.1%
Rafiki
91.9%
Jean Valjean
91.1%
Timon
91%
King George III
89.6%
Cosette
88.4%
Fantine
87.3%
Javert
85.6%
Marquis de Lafayette
85.5%
King Arthur
83.3%
Eponine
83.2%
Lancelot
82.9%
Tracy Turnblad
80.6%
Grizabella
80%
Gavroche
79.5%
Rum Tum Tugger
78.2%
Christine Daaé
78.1%
Angelica Schuyler
77.8%
Mr. Mistoffelees
77.3%
% Correct
Lady of the Lake
75.7%
Glinda
74.5%
Penny Pingleton
73.5%
Thénardier
73.3%
Tevye
70%
Carlotta Giudicelli
69.6%
Banzai
68.8%
Monsieur Gilles André
68.4%
Marius
68.3%
Dennis Galahad
68%
Old Deuteronomy
65.7%
Motormouth Maybelle
65.6%
Maria Reynolds
64.9%
Velma Von Tussle
64.2%
Macavity
63.7%
Hercules Mulligan
62.3%
Mungojerrie
60.7%
Raoul
59.1%
Golde
55.9%
Gus
55.4%
Bedevere
55.2%
Enjolras
55%
Horace Vandergelder
51.7%
Cornelius Hackl
50.4%
Ubaldo Piangi
40.1%
Patsy
32.3%
Ermengarde
32.1%

You're not logged in!

Compare scores with friends on all Sporcle quizzes.
OR
Log In

Sporcle TV

Today on Sporcle TV


Watch our educational content, quiz creation guides, and fun videos on Sporcle TV.

Show Comments

Extras

Top Quizzes Today


Score Distribution

Your Account Isn't Verified!

In order to create a playlist on Sporcle, you need to verify the email address you used during registration. Go to your Sporcle Settings to finish the process.

Report this User

Report this user for behavior that violates our Community Guidelines.

Details: